Criminal law : (Record no. 746)
[ view plain ]
| 000 -LEADER | |
|---|---|
| fixed length control field | 01044cam a22002414a 4500 |
| 001 - CONTROL NUMBER | |
| control field | 13961226 |
| 005 - DATE AND TIME OF LATEST TRANSACTION | |
| control field | 20241106182230.0 |
| 008 - FIXED-LENGTH DATA ELEMENTS--GENERAL INFORMATION | |
| fixed length control field | 050511s2004 enk b 001 0 eng c |
| 020 ## - INTERNATIONAL STANDARD BOOK NUMBER | |
| International Standard Book Number | 0198765789 (acidfree paper) |
| 050 00 - LIBRARY OF CONGRESS CALL NUMBER | |
| Classification number | KD7869 |
| Item number | .H47 2004 |
| 100 1# - MAIN ENTRY--PERSONAL NAME | |
| Personal name | Herring, Jonathan. |
| 245 10 - TITLE STATEMENT | |
| Title | Criminal law : |
| Remainder of title | text, cases and materials / |
| Statement of responsibility, etc. | Jonathan Herring. |
| 260 ## - PUBLICATION, DISTRIBUTION, ETC. | |
| Place of publication, distribution, etc. | Oxford ; |
| -- | New York : |
| Name of publisher, distributor, etc. | Oxford University Press, |
| Date of publication, distribution, etc. | c2004. |
| 300 ## - PHYSICAL DESCRIPTION | |
| Extent | lv, 937 p. ; |
| Dimensions | 25 cm. |
| Other physical details | Index |
| 500 ## - GENERAL NOTE | |
| General note | Issues for 2014- cataloged as a serial in LC. |
| Institution to which field applies | DLC |
| 650 #0 - SUBJECT ADDED ENTRY--TOPICAL TERM | |
| Topical term or geographic name entry element | Criminal law |
| Geographic subdivision | England. |
| 650 #0 - SUBJECT ADDED ENTRY--TOPICAL TERM | |
| Topical term or geographic name entry element | Criminal law |
| Geographic subdivision | Wales. |
| 856 42 - ELECTRONIC LOCATION AND ACCESS | |
| Public note | Companion Web site |
| Uniform Resource Identifier | <a href="http://www.oup.com/uk/booksites/content/0198765789/">http://www.oup.com/uk/booksites/content/0198765789/</a> |
| 856 42 - ELECTRONIC LOCATION AND ACCESS | |
| Materials specified | Publisher description |
| Uniform Resource Identifier | <a href="http://www.loc.gov/catdir/enhancements/fy0639/2005275724-d.html">http://www.loc.gov/catdir/enhancements/fy0639/2005275724-d.html</a> |
| 856 41 - ELECTRONIC LOCATION AND ACCESS | |
| Materials specified | Table of contents only |
| Uniform Resource Identifier | <a href="http://www.loc.gov/catdir/enhancements/fy0639/2005275724-t.html">http://www.loc.gov/catdir/enhancements/fy0639/2005275724-t.html</a> |
| 856 42 - ELECTRONIC LOCATION AND ACCESS | |
| Materials specified | Contributor biographical information |
| Uniform Resource Identifier | <a href="http://www.loc.gov/catdir/enhancements/fy0725/2005275724-b.html">http://www.loc.gov/catdir/enhancements/fy0725/2005275724-b.html</a> |
| 942 ## - ADDED ENTRY ELEMENTS (KOHA) | |
| Source of classification or shelving scheme | Library of Congress Classification |
| Koha item type | Books |
| Suppress in OPAC | No |
| 999 ## - | |
| -- | 746 |
| -- | 746 |
| Withdrawn status | Lost status | Source of classification or shelving scheme | Damaged status | Not for loan | Collection | Home library | Current library | Shelving location | Date acquired | Total checkouts | Full call number | Barcode | Date last seen | Copy number | Price effective from | Koha item type |
|---|---|---|---|---|---|---|---|---|---|---|---|---|---|---|---|---|
| Library of Congress Classification | Non-fiction | Law Library (Miotso) | Law Library (Miotso) | General stacks | 11/06/2024 | KD7869.H47 HER | llm00000605 | 11/06/2024 | 1 | 11/06/2024 | Books |